Free Imperial Cities of the Holy Roman Empire (1792 Version) - Statistics

General Stats
  • This quiz has been taken 67 times
  • The average score is 15 of 51
Answer Stats
Currently a... Answer % Correct
City Bremen
94%
City Frankfurt
92%
City Hamburg
92%
City Lübeck
81%
City Cologne
72%
City Nuremburg
72%
City Aachen
70%
City Augsburg
68%
City Ulm
57%
City Regensburg
53%
City Dortmund
49%
Town Schwäbisch Hall
40%
City Worms
38%
City Speyer
36%
Town Aalen
32%
Town Ravensburg
28%
Town Rothenburg ob der Tauber
26%
Town Rottweil
26%
City Esslingen am Neckar
25%
Town Kempten
25%
City Heilbronn
23%
Town Lindau
19%
City Mühlhausen
19%
Town Goslar
17%
Town Memmingen
17%
City Offenburg
17%
Town Weil der Stadt
17%
City Wetzlar
17%
Town Biberach
15%
City Reutlingen
15%
Town Schwäbisch Gmünd
15%
City Überlingen
15%
Town Bad Wimpfen
13%
City Bopfingen
13%
Town Dinkelsbühl
13%
Town Friedberg
13%
City Friedrichshafen
13%
Town Kaufbeuren
13%
City Nordhausen
13%
Town Nördlingen
13%
Town Weißenburg in Bayern
13%
Town Isny im Allgäu
11%
Town Pfullendorf
11%
Town Schweinfurt
11%
Town Bad Buchau
9%
Town Gengenbach
9%
Town Giengen
9%
Town Leutkirch im Allgäu
9%
City Wangen im Allgäu
9%
Town Zell am Harmersbach
9%
Town Bad Windsheim
8%
No matching quizzes found
Score Distribution
Percent of People with Each Score
Percentile by Number Answered
Your Score History
You have not taken this quiz